[Event "Benasque op 44th"]
[Site "Benasque"]
[Date "2025.07.08"]
[Round "5"]
[White "Zoler, Dan"]
[Black "Rozen, Eytan"]
[Result "1-0"]
[WhiteElo "2470"]
[BlackElo "2523"]
[PlyCount "91"]
[EventDate "2025.07.04"]
[EventType "swiss"]
[EventRounds "10"]
[EventCountry "ESP"]
[SourceTitle "CB29_2025"]
[SourceDate "2025.07.16"]
[SourceVersion "1"]
[SourceVersionDate "2025.07.16"]
[SourceQuality "1"]

1. d4 Nf6 2. c4 g6 3. Nc3 d5 4. e3 Bg7 5. cxd5 Nxd5 6. Nxd5 Qxd5 7. Ne2 0-0 8. Nc3 Qd8 9. Be2 c5 10. d5 e6 11. e4 exd5 12. exd5 b6 13. 0-0 Ba6 14. Re1 Bxe2 15. Qxe2 Nd7 16. Bf4 Re8 17. Qa6 Ne5 18. Rad1 Qh4 19. Bg3 Qc4 20. Qb7 Nd3 21. Re4 Bd4 22. d6 Reb8 23. Qxb8+ Rxb8 24. d7 Rf8 25. Re8 Bf6 26. Bd6 Qg4 27. Rxf8+ Kg7 28. Ra8 Qxd7 29. Bf8+ Kg8 30. Bh6+ Bd8 31. Ne4 Qd4 32. Be3 Qxe4 33. Rxd8+ Kg7 34. R8xd3 h6 35. h3 Qc4 36. b3 Qc2 37. R1d2 Qb1+ 38. Kh2 g5 39. Rd7 a5 40. Rb7 a4 41. bxa4 c4 42. Bd4+ Kg8 43. Rxb6 Qe4 44. Bc3 Kh7 45. Rf6 Qe7 46. Rdd6 1-0

[Event "Karlsruhe Grenke op"]
[Site "Karlsruhe"]
[Date "2025.04.21"]
[Round "9"]
[White "Rozen, Eytan"]
[Black "Decuigniere, Tom"]
[Result "1/2-1/2"]
[WhiteElo "2508"]
[BlackElo "2359"]
[PlyCount "119"]
[EventDate "2025.04.17"]
[EventType "swiss"]
[EventRounds "9"]
[EventCountry "GER"]
[SourceTitle "CB17_2025"]
[SourceDate "2025.04.23"]
[SourceVersion "1"]
[SourceVersionDate "2025.04.23"]
[SourceQuality "1"]

1. Nf3 d5 2. g3 Nf6 3. Bg2 c5 4. 0-0 e6 5. d3 Nc6 6. a4 h6 7. e4 Be7 8. e5 Nd7 9. Re1 Qc7 10. h4 b6 11. Bf4 Bb7 12. Nc3 0-0-0 13. Nb5 Qb8 14. a5 Nxa5 15. b4 cxb4 16. c3 b3 17. Nfd4 g5 18. hxg5 hxg5 19. Bxg5 Bxg5 20. Nd6+ Kc7 21. Nxf7 Nc5 22. Nxg5 Qc8 23. Nb5+ Kb8 24. Nd6 Qc6 25. d4 Na4 26. Nxe6 Rxd6 27. exd6 Nxc3 28. Qd2 Nb5 29. d7 Qxd7 30. Rxa5 bxa5 31. Nc5 Qh7 32. Nxb3 Nd6 33. Nc5 Bc6 34. f3 Ka8 35. Qf4 Qg6 36. g4 Nb5 37. g5 a4 38. Nxa4 Rg8 39. Qg4 Nxd4 40. Nc5 Qg7 41. Nd3 Bd7 42. Qg3 Qxg5 43. Qxg5 Rxg5 44. Kf2 Kb7 45. Re7 Kc8 46. f4 Rh5 47. Nc5 Bf5 48. Bxd5 Bg4 49. Bb7+ Kd8 50. Rg7 Rxc5 51. Rxg4 Ke7 52. Be4 a5 53. Rg7+ Kf6 54. Rg6+ Kf7 55. Ra6 Ne6 56. Ke3 Rc3+ 57. Kd2 Rc4 58. Ra7+ Kf6 59. Kd3 Rb4 60. Ra6 1/2-1/2

[Event "Karlsruhe Grenke op"]
[Site "Karlsruhe"]
[Date "2025.04.20"]
[Round "7"]
[White "Rozen, Eytan"]
[Black "Ondersteijn, Niels"]
[Result "1-0"]
[WhiteElo "2508"]
[BlackElo "2357"]
[PlyCount "65"]
[EventDate "2025.04.17"]
[EventType "swiss"]
[EventRounds "9"]
[EventCountry "GER"]
[SourceTitle "CB17_2025"]
[SourceDate "2025.04.23"]
[SourceVersion "1"]
[SourceVersionDate "2025.04.23"]
[SourceQuality "1"]

1. Nf3 d5 2. d4 Nf6 3. c4 e6 4. cxd5 exd5 5. Bf4 Bd6 6. Bxd6 Qxd6 7. Nc3 0-0 8. e3 c6 9. Bd3 Re8 10. Qc2 Nbd7 11. h3 Nf8 12. g4 b5 13. g5 Ne4 14. Nxe4 dxe4 15. Bxe4 Rxe4 16. Qxe4 Be6 17. Qc2 Bd5 18. e4 Re8 19. Ne5 Ne6 20. 0-0-0 Nxd4 21. Rxd4 Qxe5 22. exd5 Qxd4 23. dxc6 Rc8 24. Kb1 Qc4 25. Qxc4 bxc4 26. Rd1 Kf8 27. Rd7 Rxc6 28. Rxa7 f6 29. gxf6 Rxf6 30. Rc7 Rf4 31. a4 Ke8 32. Rxg7 Kd8 33. Rg4 1-0

[Event "Karlsruhe Grenke op"]
[Site "Karlsruhe"]
[Date "2025.04.17"]
[Round "1"]
[White "Rozen, Eytan"]
[Black "Braeutigam, Katerina"]
[Result "1-0"]
[WhiteElo "2508"]
[BlackElo "2103"]
[PlyCount "55"]
[EventDate "2025.04.17"]
[EventType "swiss"]
[EventRounds "9"]
[EventCountry "GER"]
[SourceTitle "CB17_2025"]
[SourceDate "2025.04.23"]
[SourceVersion "1"]
[SourceVersionDate "2025.04.23"]
[SourceQuality "1"]

1. d4 Nf6 2. Nf3 e6 3. c4 b6 4. a3 Ba6 5. Nbd2 d5 6. g3 Be7 7. Bg2 0-0 8. cxd5 exd5 9. Ne5 c5 10. 0-0 Qc7 11. Ndf3 c4 12. Bg5 Ne4 13. Bxe7 Qxe7 14. Nd2 Nxd2 15. Qxd2 Bb7 16. Qe3 Qc7 17. b3 b5 18. a4 a6 19. axb5 axb5 20. Rxa8 Bxa8 21. bxc4 bxc4 22. Qa3 Nd7 23. Qe7 Bc6 24. Bh3 Ba4 25. Nxf7 c3 26. Ne5 c2 27. Be6+ Kh8 28. Ng6+ 1-0

[Event "ISR-chT"]
[Site "Israel"]
[Date "2025.02.28"]
[Round "9.4"]
[White "Deutsch, Eyal"]
[Black "Rozen, Eytan"]
[Result "0-1"]
[WhiteElo "2288"]
[BlackElo "2503"]
[PlyCount "58"]
[EventDate "2025.01.08"]
[EventType "team-tourn"]
[EventRounds "11"]
[EventCountry "ISR"]
[SourceTitle "CB12_2025"]
[SourceDate "2025.03.19"]
[SourceVersion "1"]
[SourceVersionDate "2025.03.19"]
[SourceQuality "1"]
[WhiteTeam "Petach Tikva"]
[BlackTeam "Kfar Saba"]
[WhiteTeamCountry "ISR"]
[BlackTeamCountry "ISR"]

1. e4 c5 2. Nf3 d6 3. d4 cxd4 4. Nxd4 Nf6 5. f3 e5 6. Nb3 Be7 7. c4 a5 8. Be3 Nc6 9. Be2 a4 10. N3d2 Be6 11. Nc3 a3 12. b3 Nb4 13. Nd5 Bxd5 14. cxd5 Nd7 15. Nc4 b5 16. Qd2 bxc4 17. Qxb4 Bg5 18. Bf2 cxb3 19. axb3 a2 20. Bb5 Qb8 21. Qc4 Ke7 22. Bc6 Ra3 23. 0-0 Qc7 24. Qe2 Qa5 25. Ba4 Qd2 26. Qb5 Rd8 27. Rfe1 Qb2 28. Qf1 Bd2 29. Re2 Rc8 0-1

[Event "ISR-ch"]
[Site "Eilat"]
[Date "2025.01.27"]
[Round "8"]
[White "Zakin, Ilay"]
[Black "Rozen, Eytan"]
[Result "0-1"]
[WhiteElo "2221"]
[BlackElo "2504"]
[PlyCount "220"]
[EventDate "2025.01.20"]
[EventType "swiss"]
[EventRounds "9"]
[EventCountry "ISR"]
[SourceTitle "CB05_2025"]
[SourceDate "2025.01.29"]
[SourceVersion "1"]
[SourceVersionDate "2025.01.29"]
[SourceQuality "1"]

1. e4 c5 2. Nf3 a6 3. c4 e6 4. d4 cxd4 5. Nxd4 Nf6 6. Nc3 Bb4 7. Bd3 Bxc3+ 8. bxc3 d6 9. 0-0 e5 10. Nc2 Nbd7 11. Ba3 Qc7 12. Ne3 Nc5 13. Qc2 Be6 14. Rab1 Nfd7 15. Be2 0-0 16. Rfd1 Rfd8 17. h4 b5 18. h5 h6 19. Nd5 Bxd5 20. exd5 bxc4 21. Bxc4 Nf6 22. Be2 Rdb8 23. c4 Qa5 24. Bxc5 Qxc5 25. Rb3 a5 26. Rdb1 Rb4 27. a3 Rxb3 28. Rxb3 a4 29. Rb4 Qa7 30. Bd1 Qd4 31. c5 Qxc5 32. Qxc5 dxc5 33. Rc4 Nxd5 34. Rxc5 Nf6 35. Rxe5 Rd8 36. Bxa4 Ra8 37. Bd1 Rxa3 38. Bf3 Kf8 39. Rb5 Ra7 40. Re5 Ne8 41. Kh2 Nd6 42. Kg3 Ra4 43. Kh2 Rd4 44. Kg1 Rd2 45. Re3 Nf5 46. Re5 Nd4 47. Bg4 Nc6 48. Re3 Rd4 49. Bf3 Nd8 50. Rb3 Ke7 51. Kh2 Ne6 52. Kg3 f5 53. Rb7+ Kf6 54. Rb6 Rd3 55. Ra6 Rc3 56. Kh2 Ke5 57. Rb6 Rc2 58. Kg1 Nd4 59. Rg6 Rc7 60. Ra6 Rd7 61. Bd1 Rb7 62. Ra5+ Rb5 63. Ra1 Rb2 64. g3 f4 65. Kg2 Rd2 66. Bg4 fxg3 67. Kxg3 Rd3+ 68. f3 Rc3 69. Re1+ Kf6 70. Re4 Rc4 71. Rf4+ Ke7 72. Re4+ Kd8 73. Kf2 Rc2+ 74. Ke3 Nc6 75. Bf5 Rc5 76. Kf4 Ne7 77. Rd4+ Ke8 78. Bd7+ Kf7 79. Bg4 Nd5+ 80. Ke5 Nf6+ 81. Kd6 Ra5 82. Be6+ Kf8 83. Rb4 Ne8+ 84. Kd7 Ra7+ 85. Kd8 Ra8+ 86. Kd7 Ra6 87. Bg4 Nf6+ 88. Kd8 Ra8+ 89. Kc7 Nd5+ 90. Kb7 Nxb4 91. Kxa8 Nd5 92. Kb7 Nf6 93. Kc6 Ke7 94. Bc8 Nxh5 95. Kd5 Kf6 96. Ke4 Kg5 97. Ke3 Nf4 98. Kf2 h5 99. Bd7 h4 100. Bc8 Kf6 101. Bd7 Ke5 102. Bc8 Nd5 103. Bd7 Kf4 104. Bc8 Nb4 105. Bb7 Nd3+ 106. Kg2 Ne1+ 107. Kf2 h3 108. Kg1 Kg3 109. f4 h2+ 110. Kf1 Nf3 0-1

[Event "ISR-ch"]
[Site "Eilat"]
[Date "2025.01.22"]
[Round "3"]
[White "Rozen, Eytan"]
[Black "Bronstein, Or"]
[Result "1-0"]
[WhiteElo "2504"]
[BlackElo "2452"]
[PlyCount "155"]
[EventDate "2025.01.20"]
[EventType "swiss"]
[EventRounds "9"]
[EventCountry "ISR"]
[SourceTitle "CB05_2025"]
[SourceDate "2025.01.29"]
[SourceVersion "1"]
[SourceVersionDate "2025.01.29"]
[SourceQuality "1"]

1. c4 Nf6 2. Nc3 c5 3. g3 e6 4. Nf3 d5 5. cxd5 exd5 6. d4 Nc6 7. Bg2 cxd4 8. Nxd4 Bc5 9. Be3 Qb6 10. Na4 Qb4+ 11. Bd2 Qxd4 12. e3 Qe5 13. Nxc5 Qxb2 14. 0-0 0-0 15. Nd3 Qa3 16. Bc1 Qe7 17. Qb3 Rd8 18. Ba3 Qe8 19. Nf4 Na5 20. Qd3 Nc4 21. Nxd5 Nxd5 22. Qxc4 Be6 23. Qd4 Nb6 24. Qf4 Bd5 25. e4 Bc6 26. Rfd1 Qe6 27. Rd6 Rxd6 28. Qxd6 Qxd6 29. Bxd6 Nc4 30. Bc5 Nd2 31. f3 b6 32. Bb4 Nc4 33. Rc1 b5 34. Bf1 a5 35. Be1 a4 36. Bxc4 bxc4 37. Rxc4 Bd7 38. Rd4 Be6 39. a3 Kf8 40. Kf2 h5 41. Ke3 f6 42. Rb4 Bd7 43. Rb7 Ke8 44. f4 Rc8 45. f5 Rc4 46. Kd3 Rc6 47. Bb4 Rc8 48. h3 Rc6 49. g4 hxg4 50. hxg4 Rc8 51. Kd4 Rc1 52. Ra7 Rd1+ 53. Ke3 Rc1 54. Kd3 Rc8 55. Kd4 Rc1 56. Bc5 Rd1+ 57. Ke3 Bc6 58. Rc7 Bd7 59. Rb7 Bc6 60. Rxg7 Re1+ 61. Kd3 Rxe4 62. Bd4 Rf4 63. Bxf6 Kf8 64. Be5 Bb5+ 65. Ke3 Rc4 66. f6 Rc6 67. Kd4 Be2 68. g5 Bf3 69. Ra7 Bh5 70. Rxa4 Rc1 71. Ra7 Rd1+ 72. Kc5 Rc1+ 73. Kd4 Rd1+ 74. Kc3 Rd5 75. Bf4 Be8 76. Ra8 Rf5 77. g6 Rxf6 78. Bh6+ 1-0

[Event "ISR-chT"]
[Site "Israel"]
[Date "2025.01.17"]
[Round "3.3"]
[White "Yaniv, Yuval"]
[Black "Rozen, Eytan"]
[Result "1-0"]
[WhiteElo "2415"]
[BlackElo "2503"]
[PlyCount "143"]
[EventDate "2025.01.08"]
[EventType "team-tourn"]
[EventRounds "11"]
[EventCountry "ISR"]
[SourceTitle "CB08_2025"]
[SourceDate "2025.02.19"]
[SourceVersion "1"]
[SourceVersionDate "2025.02.19"]
[SourceQuality "1"]
[WhiteTeam "Rishon Le iZion II"]
[BlackTeam "Kfar Saba"]
[WhiteTeamCountry "ISR"]
[BlackTeamCountry "ISR"]

1. e4 c6 2. d4 d5 3. e5 Bf5 4. c4 e6 5. Nc3 Ne7 6. Nge2 dxc4 7. Ng3 b5 8. Be2 Na6 9. 0-0 Qd7 10. b3 cxb3 11. Qxb3 Nc7 12. a4 b4 13. Qxb4 Ned5 14. Qb3 Nxc3 15. Qxc3 Nd5 16. Qf3 Bg6 17. h4 h5 18. Bd3 Be7 19. Bxg6 fxg6 20. Ne4 Rf8 21. Qg3 Kf7 22. Ba3 Kg8 23. Rfe1 Kh7 24. Bxe7 Qxe7 25. Qg5 Qb4 26. Qd2 Qxd2 27. Nxd2 Nb4 28. Re4 Kg8 29. Ra3 Nd5 30. Re1 Rab8 31. Rc1 Nf4 32. Rxc6 Ne2+ 33. Kf1 Nxd4 34. Rc4 Nf5 35. Rd3 Rb2 36. Nf3 Ne7 37. Rd2 Rb1+ 38. Ke2 Nd5 39. g3 Rf5 40. Rc8+ Rf8 41. Rdc2 Ne7 42. Rxf8+ Kxf8 43. Rc7 a5 44. Rc5 Rb4 45. Rxa5 Nc6 46. Rc5 Nd4+ 47. Nxd4 Rxd4 48. a5 Ra4 49. Kd3 g5 50. hxg5 Kf7 51. Kc3 Ra2 52. Kb3 Rxf2 53. a6 Kg6 54. a7 Rf8 55. Rc7 Ra8 56. Kc4 Kxg5 57. Rxg7+ Kf5 58. Kd4 Rc8 59. Rb7 Ra8 60. Kc5 Kxe5 61. Kb6 Ke4 62. Rh7 Kf3 63. Rxh5 Kxg3 64. Kb7 Re8 65. a8Q Rxa8 66. Kxa8 Kf4 67. Kb7 e5 68. Kc6 e4 69. Kd5 e3 70. Kd4 e2 71. Re5 Kf3 72. Kd3 1-0

[Event "ISR-chT"]
[Site "Israel"]
[Date "2025.01.10"]
[Round "2.3"]
[White "Rozen, Eytan"]
[Black "Manor, Ilan"]
[Result "1-0"]
[WhiteElo "2503"]
[BlackElo "2464"]
[PlyCount "53"]
[EventDate "2025.01.08"]
[EventType "team-tourn"]
[EventRounds "11"]
[EventCountry "ISR"]
[SourceTitle "CB08_2025"]
[SourceDate "2025.02.19"]
[SourceVersion "1"]
[SourceVersionDate "2025.02.19"]
[SourceQuality "1"]
[WhiteTeam "Kfar Saba"]
[BlackTeam "Herzliya CC"]
[WhiteTeamCountry "ISR"]
[BlackTeamCountry "ISR"]

1. d4 Nf6 2. c4 c5 3. d5 b5 4. Nf3 g6 5. cxb5 a6 6. e3 axb5 7. Bxb5 Qa5+ 8. Nc3 Ne4 9. a4 Bg7 10. 0-0 Nxc3 11. bxc3 Bxc3 12. Bd2 Bxd2 13. Nxd2 0-0 14. d6 Qd8 15. Ne4 Bb7 16. Nxc5 Bc6 17. Qd4 e6 18. Rfc1 Re8 19. f4 e5 20. fxe5 Qg5 21. Ne4 Bxe4 22. Qxe4 Na6 23. Bxd7 Qxe5 24. Qxe5 Rxe5 25. Rc8+ Rxc8 26. Bxc8 Nb8 27. a5 1-0

[Event "Ramat Gan Hanukkah rapid op"]
[Site "Ramat Gan"]
[Date "2024.12.30"]
[Round "2"]
[White "Gurevich, Yosef"]
[Black "Rozen, Eytan"]
[Result "0-1"]
[WhiteElo "2020"]
[BlackElo "2502"]
[PlyCount "60"]
[EventDate "2024.12.30"]
[EventType "swiss (rapid)"]
[EventRounds "5"]
[EventCountry "ISR"]
[SourceTitle "CB02_2025"]
[SourceDate "2025.01.08"]
[SourceVersion "1"]
[SourceVersionDate "2025.01.08"]
[SourceQuality "1"]

1. d4 Nf6 2. c4 g6 3. Nc3 d5 4. cxd5 Nxd5 5. e4 Nxc3 6. bxc3 Bg7 7. Bc4 c5 8. Ne2 Nc6 9. Be3 0-0 10. 0-0 b6 11. h4 e6 12. h5 Qh4 13. Qd2 cxd4 14. cxd4 Qxh5 15. e5 h6 16. g3 Bb7 17. f3 Na5 18. Bd3 Bxf3 19. Nf4 Qg4 20. Qf2 Bb7 21. Be2 Qf5 22. Bd3 Be4 23. Be2 g5 24. g4 Qh7 25. Nh5 Rac8 26. Rac1 Rxc1 27. Rxc1 Bd5 28. Rc7 Qe4 29. Kh2 Qh1+ 30. Kg3 Qh4# 0-1

[Event "Ramat Gan Hanukkah rapid op"]
[Site "Ramat Gan"]
[Date "2024.12.30"]
[Round "4"]
[White "Sidorenko, Ilya"]
[Black "Rozen, Eytan"]
[Result "0-1"]
[WhiteElo "2386"]
[BlackElo "2502"]
[PlyCount "83"]
[EventDate "2024.12.30"]
[EventType "swiss (rapid)"]
[EventRounds "5"]
[EventCountry "ISR"]
[SourceTitle "CB02_2025"]
[SourceDate "2025.01.08"]
[SourceVersion "1"]
[SourceVersionDate "2025.01.08"]
[SourceQuality "1"]

1. e4 c6 2. d4 d5 3. e5 Bf5 4. Nf3 e6 5. Be2 c5 6. Be3 cxd4 7. Nxd4 Ne7 8. c4 dxc4 9. Nc3 Nbc6 10. Qa4 a6 11. 0-0-0 Qa5 12. Qxa5 Nxa5 13. Nxf5 Nxf5 14. Bb6 Nc6 15. f4 h5 16. Bxc4 Rc8 17. Be2 g5 18. fxg5 Nxe5 19. Kb1 Bc5 20. Bxc5 Rxc5 21. Ne4 Rc6 22. Bxh5 Ke7 23. Nf6 Ne3 24. Rde1 N5c4 25. Re2 Rd8 26. Rhe1 Nd2+ 27. Rxd2 Rxd2 28. Rxe3 Rxg2 29. Nd5+ Kf8 30. Nc3 Rxh2 31. Be2 Kg7 32. a4 Rc5 33. Bf3 Rh3 34. Nd1 b6 35. Nf2 Rh2 36. Ne4 Rc4 37. Nc3 Rh3 38. Be2 Rxe3 39. Bxc4 a5 40. Kc2 Kg6 41. Kd2 Re5 42. Bd3+ 0-1

[Event "EU-Cup 39th"]
[Site "Vrnjacka Banja"]
[Date "2024.10.26"]
[Round "7.3"]
[White "Rozen, Eytan"]
[Black "Lopez Mulet, Inigo"]
[Result "1/2-1/2"]
[WhiteElo "2478"]
[BlackElo "2410"]
[PlyCount "102"]
[EventDate "2024.10.20"]
[EventType "team-swiss"]
[EventRounds "7"]
[EventCountry "SRB"]
[SourceTitle "CB44_2024"]
[Source "Chessbase"]
[SourceDate "2024.10.30"]
[SourceVersion "1"]
[SourceVersionDate "2024.10.30"]
[SourceQuality "1"]
[WhiteTeam "Kfar Saba"]
[BlackTeam "Silla Valencia"]
[WhiteTeamCountry "ISR"]
[BlackTeamCountry "ESP"]

1. Nf3 d5 2. c4 e6 3. g3 Nf6 4. Bg2 Be7 5. 0-0 0-0 6. d3 b6 7. cxd5 exd5 8. Nc3 Bb7 9. d4 Nbd7 10. Bf4 a6 11. Rc1 Re8 12. Ne5 Nf8 13. Qa4 b5 14. Qb3 Ne6 15. Rfd1 c5 16. dxc5 Nxc5 17. Qc2 Rc8 18. Qd2 Nce4 19. Nxe4 dxe4 20. Qxd8 Rcxd8 21. Rxd8 Bxd8 22. Nc6 Bb6 23. Bh3 h5 24. Be3 Bxe3 25. fxe3 Kf8 26. Nd4 Nd5 27. Kf2 g6 28. Bd7 Ra8 29. a3 Ke7 30. Bc6 Bxc6 31. Rxc6 Kd7 32. b4 Ne7 33. Rf6 Ke8 34. Rb6 Nd5 35. Rb7 Nc3 36. Nc6 Nd1+ 37. Kg1 Nxe3 38. Re7+ Kf8 39. Rxe4 Nc2 40. Rf4 Kg7 41. Rf3 Re8 42. Kf2 Re6 43. Nb8 Rf6 44. Nd7 Rxf3+ 45. Kxf3 Nxa3 46. Nc5 f5 47. Kf4 Kf6 48. h4 Nc2 49. Nxa6 Nd4 50. Ke3 Nc6 51. Nc7 Nxb4 1/2-1/2

[Event "EU-Cup 39th"]
[Site "Vrnjacka Banja"]
[Date "2024.10.24"]
[Round "5.3"]
[White "Rozen, Eytan"]
[Black "Rigo, Zsolt"]
[Result "1-0"]
[WhiteElo "2478"]
[BlackElo "2389"]
[PlyCount "117"]
[EventDate "2024.10.20"]
[EventType "team-swiss"]
[EventRounds "7"]
[EventCountry "SRB"]
[SourceTitle "CB44_2024"]
[Source "Chessbase"]
[SourceDate "2024.10.30"]
[SourceVersion "1"]
[SourceVersionDate "2024.10.30"]
[SourceQuality "1"]
[WhiteTeam "Kfar Saba"]
[BlackTeam "Dunajska Streda"]
[WhiteTeamCountry "ISR"]
[BlackTeamCountry "SVK"]

1. d4 Nf6 2. c4 e6 3. Nf3 b6 4. g3 Ba6 5. Qc2 Bb7 6. Bg2 Bb4+ 7. Bd2 Bxd2+ 8. Nbxd2 d5 9. cxd5 exd5 10. Rc1 c6 11. 0-0 0-0 12. e4 Na6 13. e5 Nd7 14. h4 h6 15. Rfe1 Nc7 16. Nf1 c5 17. Ne3 cxd4 18. Nxd4 Ne6 19. Nxe6 fxe6 20. Qg6 Re8 21. f4 Rc8 22. Ng4 Kh8 23. f5 Nf8 24. Qh5 exf5 25. Qxf5 Rxc1 26. Rxc1 Bc8 27. Qh5 Bxg4 28. Qxg4 Rxe5 29. Qd4 Rf5 30. Rc6 Rf6 31. Qxd5 Qxd5 32. Bxd5 Rxc6 33. Bxc6 g6 34. Kf2 Kg7 35. Ke3 Kf6 36. Ke4 Ke6 37. g4 Nh7 38. Bd5+ Kd6 39. Bf7 Nf8 40. b4 Ke7 41. Bc4 Nd7 42. a3 Kd6 43. Kf4 Ne5 44. Be2 Ke6 45. h5 Kf6 46. Ke4 Ke6 47. b5 gxh5 48. gxh5 Kd6 49. Kf5 Kd5 50. Kf6 Kd6 51. Kg7 Ke6 52. Kxh6 Kf6 53. Kh7 Kf7 54. h6 Kf8 55. Bd1 Nc4 56. Bb3 Ne5 57. Ba2 Nf7 58. Bxf7 Kxf7 59. a4 1-0

[Event "EU-Cup 39th"]
[Site "Vrnjacka Banja"]
[Date "2024.10.20"]
[Round "1.3"]
[White "Panagiotakos, Nikolaos"]
[Black "Rozen, Eytan"]
[Result "0-1"]
[WhiteElo "2164"]
[BlackElo "2478"]
[PlyCount "68"]
[EventDate "2024.10.20"]
[EventType "team-swiss"]
[EventRounds "7"]
[EventCountry "SRB"]
[SourceTitle "CB44_2024"]
[Source "Chessbase"]
[SourceDate "2024.10.30"]
[SourceVersion "1"]
[SourceVersionDate "2024.10.30"]
[SourceQuality "1"]
[WhiteTeam "OFI"]
[BlackTeam "Kfar Saba"]
[WhiteTeamCountry "GRE"]
[BlackTeamCountry "ISR"]

1. e4 c6 2. d4 d5 3. Nd2 dxe4 4. Nxe4 Bf5 5. Ng3 Bg6 6. Nh3 e6 7. Nf4 Bd6 8. h4 Qc7 9. Nxg6 hxg6 10. Ne4 Bf4 11. Bxf4 Qxf4 12. Ng5 Nf6 13. g3 Qd6 14. Qd2 a5 15. Bg2 a4 16. a3 Nbd7 17. Qb4 Qxb4+ 18. axb4 Nb6 19. b5 Nfd5 20. bxc6 bxc6 21. Ne4 Ke7 22. Nc5 Ra5 23. Nd3 Nc4 24. Ke2 Rb8 25. Rhb1 Kd6 26. c3 f6 27. Nc5 a3 28. Bxd5 Rxb2+ 29. Rxb2 axb2 30. Rxa5 exd5 31. Ra7 Nb6 32. Nb7+ Kd7 33. Nc5+ Ke8 34. Rxg7 b1Q 0-1

[Event "Ramat Gan Dov Porat Rapid op"]
[Site "Ramat Gan"]
[Date "2024.10.15"]
[Round "8"]
[White "Smirin, Ilia"]
[Black "Rozen, Eytan"]
[Result "0-1"]
[WhiteElo "2563"]
[BlackElo "2478"]
[PlyCount "125"]
[EventDate "2024.10.14"]
[EventType "swiss (rapid)"]
[EventRounds "9"]
[EventCountry "ISR"]
[SourceTitle "CB43_2024"]
[Source "Chessbase"]
[SourceDate "2024.10.23"]
[SourceVersion "1"]
[SourceVersionDate "2024.10.23"]
[SourceQuality "1"]

1. e4 c6 2. d4 d5 3. Nd2 dxe4 4. Nxe4 Bf5 5. Ng3 Bg6 6. Nh3 Nf6 7. Nf4 e5 8. dxe5 Qa5+ 9. c3 Qxe5+ 10. Be2 Bc5 11. 0-0 0-0 12. Nd3 Bxd3 13. Bxd3 Nbd7 14. Qf3 Qd5 15. Qxd5 Nxd5 16. Bd2 Ne5 17. Be2 f5 18. b4 Bb6 19. c4 Nf6 20. c5 Bc7 21. f4 Ng6 22. Bc4+ Nd5 23. Bxd5+ cxd5 24. Ne2 Rae8 25. Nc3 d4 26. Nb5 Bb8 27. g3 Re2 28. Rf2 Re4 29. Re1 Rfe8 30. Kf1 Kf7 31. Rfe2 Rxe2 32. Rxe2 Rd8 33. Re1 Ne7 34. Ke2 d3+ 35. Kd1 Nc6 36. Bc3 a6 37. Na3 a5 38. b5 Nb4 39. Bxb4 axb4 40. Nc4 Rd5 41. Ne5+ Kg8 42. Kd2 Rxc5 43. Nxd3 Rc8 44. Re7 Bd6 45. Rxb7 Ra8 46. Nc1 h5 47. Rd7 Bc5 48. Kc2 Bg1 49. Kb3 Bxh2 50. Ne2 Ra3+ 51. Kxb4 Rxa2 52. Re7 g5 53. b6 Rb2+ 54. Ka5 h4 55. gxh4 gxf4 56. Nd4 Bg1 57. Rd7 f3 58. b7 Bxd4 59. Rxd4 Rxb7 60. Rf4 Kg7 61. Rxf3 Kf6 62. h5 Kg5 63. Rf1 0-1

[Event "Ramat Gan Dov Porat Rapid op"]
[Site "Ramat Gan"]
[Date "2024.10.14"]
[Round "2"]
[White "Rozen, Eytan"]
[Black "Levi, Netanel"]
[Result "1-0"]
[WhiteElo "2478"]
[BlackElo "2193"]
[PlyCount "81"]
[EventDate "2024.10.14"]
[EventType "swiss (rapid)"]
[EventRounds "9"]
[EventCountry "ISR"]
[SourceTitle "CB43_2024"]
[Source "Chessbase"]
[SourceDate "2024.10.23"]
[SourceVersion "1"]
[SourceVersionDate "2024.10.23"]
[SourceQuality "1"]

1. d4 Nf6 2. Bf4 g6 3. Nc3 Bg7 4. e4 d5 5. e5 Ne4 6. Nxe4 dxe4 7. Bc4 c5 8. dxc5 Qa5+ 9. c3 Qxc5 10. Qd5 Qxd5 11. Bxd5 Nc6 12. Bxe4 Nxe5 13. Nf3 Nxf3+ 14. Bxf3 e5 15. Be3 f5 16. Bd5 Kd7 17. 0-0-0 Kc7 18. Rhe1 Re8 19. Re2 Be6 20. Bxe6 Rxe6 21. Red2 Re7 22. Bg5 Rf7 23. f4 Re8 24. fxe5 Bxe5 25. Re1 f4 26. Rd5 Rf5 27. Rdxe5 Rexe5 28. Rxe5 Rxe5 29. Bxf4 Kd6 30. Kd2 g5 31. Bxe5+ Kxe5 32. Ke3 h5 33. c4 a5 34. b3 h4 35. a3 g4 36. g3 h3 37. b4 a4 38. b5 b6 39. Kd3 Ke6 40. Ke4 Kd6 41. Kd4 1-0

[Event "Ramat Gan Dov Porat Rapid op"]
[Site "Ramat Gan"]
[Date "2024.10.14"]
[Round "3"]
[White "Yaniv, Yuval"]
[Black "Rozen, Eytan"]
[Result "0-1"]
[WhiteElo "2417"]
[BlackElo "2478"]
[PlyCount "70"]
[EventDate "2024.10.14"]
[EventType "swiss (rapid)"]
[EventRounds "9"]
[EventCountry "ISR"]
[SourceTitle "CB43_2024"]
[Source "Chessbase"]
[SourceDate "2024.10.23"]
[SourceVersion "1"]
[SourceVersionDate "2024.10.23"]
[SourceQuality "1"]

1. e4 c6 2. d4 d5 3. e5 Bf5 4. h4 h5 5. c4 e6 6. Nc3 Ne7 7. Nge2 Nd7 8. Ng3 Bg6 9. Bg5 Qb6 10. Rc1 dxc4 11. Bxc4 Rd8 12. Na4 Qa5+ 13. b4 Qxb4+ 14. Bd2 Qa3 15. Rc3 Qb4 16. Rc1 Qa3 17. Rh3 Nb6 18. Nxb6 axb6 19. Ne4 Qa8 20. Nd6+ Rxd6 21. exd6 Nf5 22. d5 exd5 23. Bd3 Bxd6 24. Rf3 Qc8 25. Bf4 Bc5 26. Kf1 0-0 27. Be5 Nxh4 28. Rg3 Bxd3+ 29. Qxd3 Ng6 30. Bd4 Bd6 31. Rg5 Bf4 32. Rxg6 fxg6 33. Qxg6 Qd7 34. Rc3 c5 35. Be3 d4 0-1

[Event "Jerusalem op"]
[Site "Jerusalem"]
[Date "2024.09.24"]
[Round "5"]
[White "Taieb, Ariel"]
[Black "Rozen, Eytan"]
[Result "0-1"]
[WhiteElo "2060"]
[BlackElo "2476"]
[PlyCount "72"]
[EventDate "2024.09.24"]
[EventType "swiss (rapid)"]
[EventRounds "9"]
[EventCountry "ISR"]
[SourceTitle "EXT 2025"]
[Source "ChessBase"]
[SourceDate "2024.10.14"]
[SourceVersion "1"]
[SourceVersionDate "2024.10.14"]
[SourceQuality "1"]

1. e4 c6 2. d4 d5 3. Nd2 dxe4 4. Nxe4 Bf5 5. Ng3 Bg6 6. h4 h6 7. Nf3 Nd7 8. h5 Bh7 9. Bd3 Bxd3 10. Qxd3 e6 11. Bd2 Ngf6 12. 0-0-0 Be7 13. Kb1 0-0 14. Qe2 c5 15. d5 Nxd5 16. Ne4 N7f6 17. g4 Nxg4 18. Rhg1 f5 19. Nc3 Qd6 20. Nb5 Qb6 21. c4 Ndf6 22. Nh4 a6 23. Ng6 axb5 24. Nxe7+ Kf7 25. Ng6 bxc4 26. Nxf8 c3 27. Be1 Kxf8 28. f3 c4 29. Bxc3 Nd5 30. Bd4 Qa6 31. fxg4 Qxa2+ 32. Kc1 c3 33. Bxg7+ Kxg7 34. gxf5+ Kh7 35. Rxd5 cxb2+ 36. Qxb2 Rc8+ 0-1

[Event "EU-ch U18"]
[Site "Prague"]
[Date "2024.08.26"]
[Round "5"]
[White "Rozen, Eytan"]
[Black "Eilenberg, Jonas"]
[Result "1-0"]
[WhiteElo "2478"]
[BlackElo "2285"]
[PlyCount "49"]
[EventDate "2024.08.22"]
[EventType "swiss"]
[EventRounds "9"]
[EventCountry "CZE"]
[SourceTitle "CBM 221 Extra"]
[Source "ChessBase"]
[SourceDate "2024.09.30"]
[SourceVersion "1"]
[SourceVersionDate "2024.09.30"]
[SourceQuality "1"]

1. d4 d5 2. c4 c6 3. Nf3 Nf6 4. Qc2 dxc4 5. Qxc4 Bf5 6. g3 e6 7. Bg2 Be7 8. 0-0 0-0 9. Nc3 Nbd7 10. Qb3 Qb6 11. Bg5 h6 12. Bxf6 Nxf6 13. e3 Rfd8 14. Rfc1 Bh7 15. Ne5 Nd7 16. Nc4 Qa6 17. Ne4 Nb6 18. Ne5 Bxe4 19. Bxe4 Qa4 20. Qd3 Nd7 21. Bh7+ Kf8 22. Nxf7 Kxf7 23. Qg6+ Kf8 24. Qxe6 Qb5 25. Qg8# 1-0